00477nam a2200169 a 45000010005000000030009000050080041000140400028000550820017000832450055001002600035001553000010001904900025002006500022002256500033002476500027002802938CO-ViMGA141112s2004 ck r 000 u spa d aCO-ViMGAbspacCO-ViMGA04a616.898 P35710aPensar la locura : bensayos sobre Michel Faocoult aBarcelona : bPaidós, c1996 a173 p aPaidós studio, 11914aENSAYOS FRANCESES14aFOUCAULT, MICHEL 1926 - 198414aPSICOANALISIS Y LOCURA